| 000 | 00607nam a2200217 i 4500 | ||
|---|---|---|---|
| 001 | bg | ||
| 100 | 1 | _aFISHER, Scot | |
| 245 | 0 |
_aMultimedia authoring : _bbuilding and developing documents / _cScott Fisher. |
|
| 260 |
_aBoston [et al.] : _bAP Professional, _c1994. |
||
| 300 |
_a286 s. : _brys. ; _c25 cm + _eDyskietka 3,5. |
||
| 504 | _aBibliogr. s. 273-276. Indeks. | ||
| 650 | 9 | _aMultimedia | |
| 655 | _aPodręczniki | ||
| 020 | _a0122575601 | ||
| 040 | _cBPK | ||
| 041 | 0 | _aen | |
| 080 | _a004.032.6(07) | ||
| 920 | _a0-12-257560-1 | ||
| 942 | _cKS | ||
| 008 | s pl f |000 0 pol | ||
| 999 |
_c30879 _d30879 |
||
| 856 |
_uhttp://koha.tu.koszalin.pl/cgi-bin/koha/opac-detail.pl?biblionumber=30879 _yKatalog online BPK |
||